书目信息 |
| 题名: |
当代中国劳动制度变化与工会功能的转变
|
|
| 作者: | 张暎硕 著 | |
| 分册: | ||
| 出版信息: | 保定 河北大学出版社 2004 |
|
| 页数: | 187页 | |
| 开本: | 20cm | |
| 丛书名: | 当代中国社会变迁研究丛书 | |
| 单 册: | ||
| 中图分类: | F249.213 | |
| 科图分类: | ||
| 主题词: | 劳动经济 | |
| 电子资源: | ||
| ISBN: | 7-81028-757-5 | |
| 000 | 00832nam0 2200229 450 | |
| 001 | 0748814174 | |
| 005 | 20070718154119.56 | |
| 010 | @a7-81028-757-5@dCNY16.00 | |
| 100 | @a20070718d2004 km y0chiy0120 ea | |
| 101 | 0 | @achi |
| 102 | @aCN | |
| 200 | 1 | @a当代中国劳动制度变化与工会功能的转变@Adang dai zhong guo lao dong zhi du bian hua yu gong hui gong neng de zhuan bian@f张暎硕著@Fzhang ying shuo zhu |
| 210 | @a保定@c河北大学出版社@d2004 | |
| 215 | @a187页@d20cm | |
| 225 | @a当代中国社会变迁研究丛书 | |
| 330 | @a该书对1949年以来尤其是改革开放以来各个重要阶段上国有企业经营管理体制和劳动制度方面的改革进行了描述和分析等内容。 | |
| 410 | 0 | @12001 @a当代中国社会变迁研究丛书 |
| 606 | 0 | @a劳动经济 |
| 690 | @aF249.213@v3 | |
| 701 | 0 | @a张暎硕@Azhang ying shuo@4著 |
| 801 | 0 | @aCN@bPFT@c20070718 |
| 905 | @a10447@dF249.213@e58 | |
| 当代中国劳动制度变化与工会功能的转变/张暎硕著.-保定:河北大学出版社,2004 |
| 187页;20cm.-(当代中国社会变迁研究丛书) |
| ISBN 7-81028-757-5:CNY16.00 |
| 该书对1949年以来尤其是改革开放以来各个重要阶段上国有企业经营管理体制和劳动制度方面的改革进行了描述和分析等内容。 |
| ● |
| 相关链接 |
|
|
|
|
正题名:当代中国劳动制度变化与工会功能的转变
索取号:F249.213/58
 
预约/预借
| 序号 | 登录号 | 条形码 | 馆藏地/架位号 | 状态 | 备注 |
| 1 | 0779734 | 207797348 | 第一样本阅览室/ [索取号:F249.213/58] | 在馆 | |
| 2 | 0779735 | 207797357 | 第一借阅区/ [索取号:F249.213/58] | 在馆 | |
| 3 | 0779736 | 207797366 | 第一借阅区/ [索取号:F249.213/58] | 在馆 | |
| 4 | 0779737 | 207797375 | 第一借阅区/ [索取号:F249.213/58] | 在馆 | |
| 5 | 0779738 | 207797384 | 第一借阅区/ [索取号:F249.213/58] | 在馆 | |
| 6 | 0779739 | 207797393 | 第一借阅区/ [索取号:F249.213/58] | 在馆 | |
| 7 | 0779740 | 207797400 | 密集书库/ [索取号:F249.213/58] | 在馆 | |
| 8 | 0779741 | 207797419 | 密集书库/ [索取号:F249.213/58] | 在馆 | |
| 9 | 0779742 | 207797428 | 密集书库/ [索取号:F249.213/58] | 在馆 | |
| 10 | 0779743 | 207797437 | 密集书库/ [索取号:F249.213/58] | 在馆 |